<?xml version="1.0" encoding="UTF-8"?>
<record
    xmlns:xsi="http://www.w3.org/2001/XMLSchema-instance"
    xsi:schemaLocation="http://www.loc.gov/MARC21/slim http://www.loc.gov/standards/marcxml/schema/MARC21slim.xsd"
    xmlns="http://www.loc.gov/MARC21/slim">

  <leader>00548nam a22001577a 4500</leader>
  <controlfield tag="005">20241218114512.0</controlfield>
  <controlfield tag="008">241218b        |||||||| |||| 00| 0 eng d</controlfield>
  <datafield tag="040" ind1=" " ind2=" ">
    <subfield code="c">PK-LaUMT</subfield>
  </datafield>
  <datafield tag="082" ind1=" " ind2=" ">
    <subfield code="a">APC 297.23</subfield>
    <subfield code="b">AFT-H</subfield>
  </datafield>
  <datafield tag="100" ind1=" " ind2=" ">
    <subfield code="a">Aftab, Muhammad = &#x622;&#x641;&#x62A;&#x627;&#x628;&#x60C; &#x645;&#x62D;&#x645;&#x62F;</subfield>
    <subfield code="9">3781</subfield>
  </datafield>
  <datafield tag="245" ind1=" " ind2=" ">
    <subfield code="a">Hamari haqeeqat =  &#x6C1;&#x645;&#x627;&#x631;&#x6CC; &#x62D;&#x642;&#x6CC;&#x642;&#x62A; :</subfield>
    <subfield code="b">science, insan aur kainat =&#x633;&#x627;&#x626;&#x646;&#x633;&#x60C; &#x627;&#x646;&#x633;&#x627;&#x646; &#x627;&#x648;&#x631; &#x6A9;&#x627;&#x626;&#x646;&#x627;&#x62A;  /</subfield>
    <subfield code="c">by Muhammad Aftab = &#x645;&#x62D;&#x645;&#x62F; &#x622;&#x641;&#x62A;&#x62A;&#x627;&#x628;</subfield>
  </datafield>
  <datafield tag="260" ind1=" " ind2=" ">
    <subfield code="a">Lahore :</subfield>
    <subfield code="b">Maktabah Jamal,</subfield>
    <subfield code="c">2007</subfield>
  </datafield>
  <datafield tag="300" ind1=" " ind2=" ">
    <subfield code="a">272 p.</subfield>
  </datafield>
  <datafield tag="546" ind1=" " ind2=" ">
    <subfield code="a">Urdu</subfield>
  </datafield>
  <datafield tag="942" ind1=" " ind2=" ">
    <subfield code="c">BK</subfield>
  </datafield>
  <datafield tag="999" ind1=" " ind2=" ">
    <subfield code="c">136337</subfield>
    <subfield code="d">136337</subfield>
  </datafield>
  <datafield tag="952" ind1=" " ind2=" ">
    <subfield code="0">0</subfield>
    <subfield code="1">0</subfield>
    <subfield code="4">0</subfield>
    <subfield code="7">0</subfield>
    <subfield code="a">01</subfield>
    <subfield code="b">01</subfield>
    <subfield code="d">2024-12-18</subfield>
    <subfield code="l">0</subfield>
    <subfield code="o">APC 297.23 AFT-H</subfield>
    <subfield code="p">148117</subfield>
    <subfield code="r">2024-12-18 11:45:25</subfield>
    <subfield code="w">2024-12-18</subfield>
    <subfield code="y">BK</subfield>
  </datafield>
</record>
